Riconosci lo Stato - Quiz n°152 - Statistics

Statistiche generali
  • Questo quiz è stato fatto 32 volte
  • Il punteggio medio è 11 su 12
Statistiche sulle risposte
Indizio Risposta % Corretto
Valuta Lev
100%
Fuso Orario UTC+2 UTC+3 in ora legale
96%
Superficie 110 994 km²
92%
Popolazione 6.981.981 ab.
92%
Iniziale della Capitale S
92%
PIL (nominale) 103 100 milioni di $
88%
Primo ministro Nikolaj Denkov (dimissionario)
88%
Presidente della Repubblica Rumen Radev
88%
Forma di Governo Repubblica parlamentare
85%
Tasso di crescita −0,796%
81%
ISU 0,816
81%
Risposta Bulgaria
77%
Nessun quiz corrispondente trovato
Distribuzione punteggi
Percentuale di utenti per punteggio
Percentile per numero di risposta
I tuoi punteggi nel tempo
Non hai fatto questo quiz